| 000 | 01429cam a22003255i 4500 | ||
|---|---|---|---|
| 001 | 016973138 | ||
| 003 | EG-ScBUE | ||
| 005 | 20230104124518.0 | ||
| 008 | 141023s2015 enka f bd 001 0 eng d | ||
| 020 | _a9780500239278 (hardback) | ||
| 040 |
_aStDuBDS _beng _erda _cStDuBDS _dEG-ScBUE |
||
| 082 | 0 | 4 |
_a741.2 _bWIL _222 |
| 100 | 1 |
_aWilson, Kate, _d1965- _eauthor. _939835 |
|
| 245 | 1 | 0 |
_aDrawing and painting : _bmaterials and techniques for contemporary artists / _cKate Wilson ; [edited by] Angela Koo. |
| 264 | 1 |
_aLondon : _bThames and Hudson, _c2015. |
|
| 300 |
_a288 pages : _bcolor illustrations ; _c26 cm |
||
| 336 |
_2rdacontent _atext _btxt |
||
| 337 |
_2rdamedia _aunmediated _bn |
||
| 338 |
_2rdacarrier _avolume _bnc |
||
| 500 | _aIncludes glossary. | ||
| 504 | _aIncludes bibliographical references and index. | ||
| 520 | _aBursting with practical techniques, artist profiles and inspirational galleries, this book places the emphasis on the techniques themselves, encompassing drawing, sketching and a range of painting styles. It covers everything from pen and ink to oils and acrylics. It also shows you how effects can be created using Smart Pens, tablets and apps. | ||
| 650 | 7 |
_aDrawing _xTechnique. _2BUEsh _937954 |
|
| 650 | 7 |
_aPainting _xTechnique. _2BUEsh _937955 |
|
| 651 | _2BUEsh | ||
| 653 |
_bCOMAME _cApril2016 |
||
| 655 | _vReading book | ||
| 700 | 1 |
_aKoo, Angela, _eeditor. |
|
| 942 |
_2ddc _cBB |
||
| 999 |
_c21636 _d21608 |
||